С геометрией на ты! (Запись № 13707078)

Подробности
000 -МАРКЕР
контрольное поле 02474nam0a2200361 4500
001 - ИДЕНТИФИКАТОР ЗАПИСИ
контрольное поле RU\NLR\BIBL_A\022768500
005 - ИДЕНТИФИКАТОР ВЕРСИИ
контрольное поле 20260517044135.0
010 ## - МЕЖДУНАРОДНЫЙ СТАНДАРТНЫЙ НОМЕР КНИГИ (ISBN)
Номер (ISBN) 978-5-9624-2459-0
Тираж 50
021 ## - НОМЕР ГОСУДАРСТВЕННОЙ РЕГИСТРАЦИИ
Код страны Российская Федерация
Номер КН-П-26-008604
Номер Листа государственной регистраци КН-П-26-0820
035 ## - ДРУГИЕ СИСТЕМНЫЕ НОМЕРА
Идентификатор записи (NLR Aleph) 022768500
100 ## - ДАННЫЕ ОБЩЕЙ ОБРАБОТКИ
Данные общей обработки 20260327d2026 k y0rusy50 ca
101 0# - ЯЗЫК РЕСУРСА
Язык текста, звукозаписи и т.д. русский
102 ## - СТРАНА ПУБЛИКАЦИИ ИЛИ ПРОИЗВОДСТВА
Страна публикации Российская Федерация
105 ## - ПОЛЕ КОДИРОВАННЫХ ДАННЫХ: ТЕКСТОВЫЕ МАТЕРИАЛЫ, МОНОГРАФИЧЕСКИЕ
Кодированные данные о монографическом текстовом документе c|||ac||011yb
200 1# - ЗАГЛАВИЕ И СВЕДЕНИЯ ОБ ОТВЕТСТВЕННОСТИ
Основное заглавие С геометрией на ты!
Сведения, относящиеся к заглавию к 80-летию со дня рождения доктора физико-математических наук, профессора Павла Яковлевича Грушко (1946-2008)
-- указатель трудов
Первые сведения об ответственности Министерство науки и высшего образования Российской Федерации, Федеральное государственное бюджетное образовательное учреждение высшего образования "Иркутский государственный университет", Научная библиотека им. В. Г. Распутина
Последующие сведения об ответственности составитель: Т. С. Игнатьева
-- редакторы: д-р физ.-мат. наук, проф. О.В. Кузьмин (науч. ред.), И. П. Белоус
210 ## - ПУБЛИКАЦИЯ, РАСПРОСТРАНЕНИЕ И ДР.
Место издания, распространения и т.д. Иркутск
Имя издателя, распространителя и т. д. Изд-во ИГУ
Дата издания, распространения и т.д. 2026
215 ## - ФИЗИЧЕСКАЯ ХАРАКТЕРИСТИКА
Специфическое обозначение материала и объем 43 с.
Другие сведения о физической характеристике портр., цв. портр.
Размеры 21
225 1# - СЕРИЯ
Основное заглавие серии Биобиблиография ученых ИГУ
320 ## - ПРИМЕЧАНИЯ О НАЛИЧИИ В ДОКУМЕНТЕ БИБЛИОГРАФИИ / УКАЗАТЕЛЯ
Текст примечания Авт. указ.: с. 31-32
600 #1 - ИМЯ ЛИЦА КАК ПРЕДМЕТ
Начальный элемент ввода Грушко
Часть имени, кроме начального элемента ввода П. Я.
Даты 1946 - 2008
Расширение инициалов личного имени Павел Яковлевич
Формальный подзаголовок Биобиблиография
Системный номер авторитетной/нормативной записи 2709146
Идентификатор авторитетной/нормативной записи RU\NLR\AUTH\6601770568
686 1# - ИНДЕКСЫ ДРУГИХ КЛАССИФИКАЦИЙ
Индекс В18д(2)Грушко
686 1# - ИНДЕКСЫ ДРУГИХ КЛАССИФИКАЦИЙ
Индекс Ч488.24(2Р)7-8Грушко
702 #1 - ИМЯ ЛИЦА - ВТОРИЧНАЯ ОТВЕТСТВЕННОСТЬ
Начальный элемент ввода Игнатьева
Часть имени, кроме начального элемента ввода Т. С.
Код отношения Составитель
702 #1 - ИМЯ ЛИЦА - ВТОРИЧНАЯ ОТВЕТСТВЕННОСТЬ
Код отношения Редактор
Графика поля Кириллица
Материалы, к которым относится поле rus
Начальный элемент ввода Кузьмин
Часть имени, кроме начального элемента ввода О. В.
Дополнения к именам, кроме дат д-р физ.-мат. наук
Даты 1955-
Расширение инициалов личного имени Олег Викторович
Системный номер авторитетной/нормативной записи 24930
Идентификатор авторитетной/нормативной записи RU\NLR\AUTH\7741982
702 #1 - ИМЯ ЛИЦА - ВТОРИЧНАЯ ОТВЕТСТВЕННОСТЬ
Начальный элемент ввода Грушко
Часть имени, кроме начального элемента ввода П. Я.
Даты 1946-2008
Расширение инициалов личного имени Павел Яковлевич
Код отношения Объект посвящения
712 02 - НАИМЕНОВАНИЕ ОРГАНИЗАЦИИ - ВТОРИЧНАЯ ОТВЕТСТВЕННОСТЬ
Код отношения Издающая организация
Начальный элемент ввода Иркутский государственный университет
Структурное подразделение Научная библиотека им. В. Г. Распутина
Системный номер авторитетной/нормативной записи 344598
Идентификатор авторитетной/нормативной записи RU\NLR\AUTH\889924365
942 ## - ДОПОЛНИТЕЛЬНЫЕ ЭЛЕМЕНТЫ ЗАПИСИ (АБИС)
Тип экземпляра АБИС Книга
980 ## - КОЛЛЕКЦИЯ
Название коллекции Национальная библиография

Нет доступных экземпляров.